| 000 | 01400cam a22003498a 4500 | ||
|---|---|---|---|
| 090 | _c10555 | ||
| 001 | 3561441 | ||
| 005 | 20030113131235.0 | ||
| 008 | 981022s1999 ilu 000 0 eng | ||
| 010 | _a98031936 | ||
| 020 | _a0838907520 | ||
| 040 |
_aDLC _cDLC _dDLC |
||
| 043 | _an-us--- | ||
| 050 | 0 | 0 |
_aZ675.B _bM38 1999 |
| 082 | 0 | 0 |
_a027.663 _221 _bMAT |
| 100 | 1 | _aMates, Barbara T. | |
| 245 | 1 | 0 |
_aAdaptive Technology for the Internet : _bMaking Electronic Resources Accessible to All / _cBarbara T. Mates ; with contributions by Doug Wakefield and Judith Dixon. |
| 260 |
_aChicago, Ill. : _bAmerican Library Association, _cc2000. |
||
| 263 | _a9905 | ||
| 300 |
_aix, 192 p. : _bill. ; _c25 cm. |
||
| 500 | _aIncludes index. | ||
| 650 | 0 |
_aLibraries and the blind _zUnited States. |
|
| 650 | 0 |
_aLibraries and people with disabilities _zUnited States. |
|
| 650 | 0 |
_aLibraries _zUnited States _xSpecial collections _xComputer network resources. |
|
| 650 | 0 |
_aBlind, Apparatus for the _zUnited States. |
|
| 650 | 0 |
_aAssistive computer technology _zUnited States. |
|
| 700 | 1 | _aWakefield, Doug. | |
| 700 | 1 | _aDixon, Judith M. | |
| 942 |
_2ddc _cBB |
||
| 999 |
_c10555 _d10555 |
||